000 00331nam a2200133Ia 4500
005 20251222155130.0
008 251222s9999||||xx |||||||||||||| ||spa||
082 _aETI. 31
100 _aCong.Inter.Fam.
245 0 _aLa Familia Corazón de la Civilización del Amor
250 _a1ra. ed.
264 _bEd. Latina
942 _cLIB
999 _c38772
_d38772